logo

Bir Sreshtho Munshi Abdur Rouf Library
Jhenaidah Cadet College

পরার্থপরতার অর্থনীতি / (Record no. 10395)

MARC details
000 -LEADER
fixed length control field 00703nam a22002297a 4500
001 - CONTROL NUMBER
JCCL Control Number 10395
003 - CONTROL NUMBER IDENTIFIER
JCCL marc code BD-JhCC
005 - DATE AND TIME OF LATEST TRANSACTION
control field 20201209134020.0
008 - FIXED-LENGTH DATA ELEMENTS--GENERAL INFORMATION
fixed length control field 180425b2017 bg ||||| |||| 00| 0 eng d
020 ## - INTERNATIONAL STANDARD BOOK NUMBER
International Standard Book Number 9789848815311
035 ## - SYSTEM CONTROL NUMBER
system control number (BD-JhCC)10395
040 ## - CATALOGING SOURCE
Original cataloging agency BD-JhCC
Modifying agency BD-JhCC
041 ## - LANGUAGE CODE
Language code of Book ben
082 ## - DEWEY DECIMAL CLASSIFICATION NUMBER
Classification number 330
Author mark and Year KHA 2017
100 ## - MAIN ENTRY--PERSONAL NAME
Personal name খান, আকবর আলী
245 ## - TITLE STATEMENT
Title পরার্থপরতার অর্থনীতি /
Statement of responsibility, etc আকবর আলী খান
260 ## - PUBLICATION, DISTRIBUTION, ETC. (IMPRINT)
Place of publication, distribution, etc ঢাকা :
Name of publisher, distributor, etc ইউনির্ভাসিটি প্রেস লিমিটেড,
Date of publication, distribution, etc 2017.
300 ## - PHYSICAL DESCRIPTION
Pagination 208 p. :
Dimensions 22 cm.
650 ## - SUBJECT ADDED ENTRY--TOPICAL TERM
Topical term or geographic name as entry element Economics
942 ## - ADDED ENTRY ELEMENTS (KOHA)
Source of classification or shelving scheme Dewey Decimal Classification
Koha item type Books
Koha issues (borrowed), all copies 5
Holdings
Source of classification or shelving scheme Damaged status Not for loan Home library Current library Shelving location Cost, normal purchase price Total Checkouts Full call number Barcode Date last seen Date checked out Copy number Koha item type Date of accession Method of acquisition Currency
Dewey Decimal Classification     JCC Rouf Library JCC Rouf Library General Stacks 0.00 3 330 KHA 2017 13543 03/29/2021 12/08/2020 C-1 Books      
Dewey Decimal Classification     JCC Rouf Library JCC Rouf Library General Stacks 350.00   330 KHA 2018 14351 08/04/2018   C-2 Books 08/04/2018    
Dewey Decimal Classification     JCC Rouf Library JCC Rouf Library General Stacks 225.00   330 KHA 2008 19596 05/20/2024   C-3 Books   Purchase BDT

JCC Library | Contacts | JCC Home

Last Update on 23 September 2017
Copyright @ 2017-2020 JCC Rouf Library
Rouf Library, Jhenidah Cadet College (JCC), Bangladesh